00960 2200265 4500001002100000005001500021035002000036007000300056008004100059020001800100082001100118084001700129100002900146245007400175250002000249300002500269700002700294520023500321600001800556264003000574336002100604337003000625338002300655990001600678INLIS00000000000110720260522033424 a0010-0526000563ta260522 b 0 ind  a9786028060530 a155.45 a155.45 VID s0 aVidi SulaimanePengarang1 a11 anak ajaib mengguncang dunia /cVidi Sulaiman ; editor, Nazaruddin acetakan pertama a144 halaman ;c22 cm0 aNazaruddinePenyunting aKisah anak-anak dengan bakat dan prestasi luar biasa dan mengagumkan di usia belia dalam buku terbitan Promise (2013) ini layak dibaca dan menjadi sumber inspirasi dan motivasi bagi siapa saja yang ingin meraih sukses di usia muda 4aAnak berbakat aJakarta :bPromise,c2013 2rdacontentateks 2rdamediaatanpa perantara 2rdacarrieravolume aKC002132/19